Management liečby hypertrofických a keloidných jaziev

Bibliographic Details
Main Author: Valkyová, R. (Author)
Format: Article
Language:English
Subjects:

MARC

LEADER 00000nab a2200000 a 4500
001 vtls001495566
003 SK-MaSNL
005 20260303073319.0
008 140429c2001 xo g 0 eng
015 |a SNBCL2005/2 
040 |a SLKCL  |b slo  |c SNKBUCL  |e AACR2 
041 |a eng 
044 |a xo  |c SK 
080 |a 616.5-003.92-08:061.3  |2 1981 
100 1 |a Valkyová, R.  |u NovaMed s.r.o., neštátna poliklinika, Ambulancia korektívnej dermatológie, Banská Bystrica  |4 aut  |9 1074697 
245 1 0 |a Management liečby hypertrofických a keloidných jaziev  |c R. Valkyová 
246 1 0 |a Management of treatment of hypertrophic and keloid scars 
246 1 1 |a Management of treatment of hypertrophic and keloid scars 
650 0 7 |a jazva  |x etiológia  |2 MESH  |9 1074673 
650 0 7 |a keloid  |x etiológia  |2 MESH  |9 1074698 
650 0 7 |a jazva hypertrofická  |x etiológia  |2 MESH  |9 1074699 
650 0 7 |a terapeutika  |2 MESH  |9 21659 
650 0 7 |a abstrakty z kongresu  |2 MESH  |9 168204 
773 0 |t Derma 3. tisícročia  |g Roč. 1, č. 4, supl. (2001), s. 21  |x 1335-7913 
850 |a Slovenská lekárska knižnica v Bratislave  |a BA006 
852 |a BA006  |b KIS3GCP  |b 000500000 
999 |c 1767310  |d 1769240